Penanaman durian belanda dan nona

Bibliographic Details
Main Author: Sunarjono, H. Hendro
Other Authors: Norhafizah Baharuddin
Format: Book
Published: Kuala Lumpur : Synergy Media Publishers , [s.n]
Subjects:

MARC

LEADER 00000cam a2200000 7i4500
001 0000037122
005 20130819.0
008 130819
020 |a 9831974719 
090 0 0 |a 634.41   |b SUN 
100 0 |a Sunarjono, H. Hendro 
245 1 0 |a Penanaman durian belanda dan nona   |c Drs. H. Hendro Sunarjono; adaptasi Norhafizah Baharuddin 
260 |a Kuala Lumpur :   |b Synergy Media Publishers ,   |c [s.n] 
650 0 |a Annonaceace 
650 0 |a Tropical fruit 
700 0 |a Norhafizah Baharuddin 
999 |a 0001233582   |b Book   |c Adult Collection   |e Cawangan Muar 
999 |a 0001233583   |b Book   |c Adult Collection   |e Cawangan Bukit Gambir 
999 |a 0001233584   |b Book   |c Adult Collection   |e Cawangan Tangkak 
999 |a 0001233585   |b Book   |c Adult Collection   |e Cawangan Mersing 
999 |a 0001233586   |b Book   |c Adult Collection   |e Cawangan Segamat 
999 |a 0001233587   |b Book   |c Adult Collection   |e Cawangan Bandar Penawar 
999 |a 0001233588   |b Book   |c Adult Collection   |e Cawangan Kota Tinggi 
999 |a 0001233589   |b Book   |c Adult Collection   |e Cawangan Tmn. Ungku Tun Aminah 
999 |a 0001233590   |b Book   |c Adult Collection   |e Cawangan Pontian 
999 |a 0001233592   |b Book   |c Adult Collection   |e Cawangan Bandar Tenggara 
999 |a 0001239352   |b Book   |c Adult Collection   |e Cawangan Mersing 
999 |a 0001239353   |b Book   |c Adult Collection   |e Perbadanan Perpustakaan Awam Johor 
999 |a 0001239354   |b Book   |c Adult Collection   |e Cawangan Mersing